• 首页
  • 本馆介绍
  • 公告通知
  • 最新文献
  • 馆藏检索
  • 电子资源
  • 读者导购
  • 参考咨询
  • 我的图书馆
  • 登录
  • 详细信息显示
  • 放入我的书架
  • 预约/预借图书
  • 作者相关作品
  • 分类相关作品
  • 丛书相关作品
  • 出版社相关作品

书目信息

  • 表格格式
  • 工作单格式
  • 卡片格式
题名:
HXD2、HXD3型电力机车专业知识
    
 
作者: 王永辉 主编 ;北京铁路局 编
分册:  
出版信息: 北京   中国铁道出版社  2017.09
页数: 275页
开本: 26cm
丛书名: 铁路机车乘务员学习指导丛书
单 册:
中图分类: U264
科图分类:
主题词: 电力机车--资格考试--教材
电子资源:
ISBN: 978-7-113-23780-6
000 00883oam2 2200253 450
001 5052
005 20181014085920.98
010    @a978-7-113-23780-6@dCNY45.00
100    @a20171116d2017 em y0chiy50 ea
101 0  @achi
102    @aCN@b110000
105    @aa z 000yy
200 1  @aHXD2、HXD3型电力机车专业知识@9HXD2、HXD3 xing dian li ji che zhuan ye zhi shi@f北京铁路局编
210    @a北京@c中国铁道出版社@d2017.09
215    @a275页@c图@d26cm
225 2  @a铁路机车乘务员学习指导丛书
330    @a本书内容包括机车乘务员通用知识、空气管路与制动系统、HXD2型电力机车、HXD3型电力机车、练习题题库和模拟试卷等。
461  0 @12001 @a铁路机车乘务员学习指导丛书
606 0  @a电力机车@x资格考试@j教材
690    @aU264@v5
701  0 @a王永辉@9wang yong hui@4主编
712 02 @a北京铁路局@9bei jing tie lu ju@4编
801  0 @aCN@b91MARC@c20171116
905    @aMuseLib@dU264@e773
    
    HXD2、HXD3型电力机车专业知识/北京铁路局编.-北京:中国铁道出版社,2017.09
    275页:图;26cm.-(铁路机车乘务员学习指导丛书)
    
    
    ISBN 978-7-113-23780-6:CNY45.00
    本书内容包括机车乘务员通用知识、空气管路与制动系统、HXD2型电力机车、HXD3型电力机车、练习题题库和模拟试卷等。
●
相关链接 在E读中查询图书 在五车中查询图书 在当当中查询图书 在豆瓣中查询图书


正题名:HXD2、HXD3型电力机车专业知识     索取号:U264/773         预约/预借

序号 登录号 条形码 馆藏地/架位号 状态 备注
1 1127889   211278892   第二样本阅览室/ [索取号:U264/773] 在馆    
2 1127890   211278909   密集书库-物理学院/ [索取号:U264/773] 在馆    
3 1127891   211278918   第三借阅区/ [索取号:U264/773] 在馆    
4 1127892   211278927   第三借阅区/ [索取号:U264/773] 在馆    
5 1127893   211278936   第三借阅区/ [索取号:U264/773] 在馆    
唐山师范学院图书馆 欢迎您!
大连网信软件有限公司© 版权所有